000 00699nam a2200289Ia 4500
005 20260324145753.0
008 008 260324s9999 xx 000 0 eng d
020 _a9780429053818
037 _aEBOOK
040 _aCRL
040 _beng
040 _cCRL
041 _2eng
041 _aeng
084 _qCRL
100 _aWilliam Kemp
_91224127
245 0 _aJohn Marston's The Wonder of Women or The Tragedy of Sophonisba
245 2 _bA Critical Edition
260 _bTaylor and Francis
260 _c1979
365 _a
365 _b170
856 _uhttp://www.taylorfrancis.com/books/9780429053818
942 _cEBOOK
999 _c1832498
_d1832498